60 mots en "que" ou "c,ck,k,q" - Statistiques

Statistiques générales
  • Ce quiz a été pris 95 fois
  • Le résultat moyen est 20 sur 60
Statistiques - réponses
Question Réponse % Correct
Porter lors du Covid-19 Masque
93%
Congo, Tchèque ou Dominicaine par exemple République
85%
Chapeau pour un cuisinier Toque
84%
Gifle en synonyme Claque
83%
Tu y va pour y faire un prêt Banque
74%
Puni, ton portable je te le _ _ _ _ _ _ _ _ _ Confisque
74%
Moyen de paiement Chèque
73%
On y trouve des livres a l'intérieur Médiathèque / Bibliothèque
70%
Animal emblème de la France Coq
67%
C'est le seul y'en a pas d'autre Unique
66%
Habitant du pays dont Athènes est la capitale Grec / Grecque
65%
Synonyme de cou Nuque
64%
Gilbert Montagné chanté sous les sunlights des... Tropique
64%
Une des conjonction de coordination Donc
59%
Mark Zuckerberg l'a crée Facebook
59%
Ferrari, Dell, Philips, Bic en sont Marque
53%
Sport né à Marseille Pétanque
53%
Style de musique Rock / Punk / Funk
50%
Boîte de nuit Discothèque
49%
Ruminant domestique a longue toison au Tibet Yack
48%
Elément de protection en cas de danger Casque
47%
Five, Funf, Cinco, Pemp Cinq
41%
Marque d'appareil photo Kodak
38%
Tu est pas sur la défense Attaque
37%
Volumineux, démesuré Gigantesque / Gargantuesque
36%
La marque Carlsberg provient de ce pays Danemark
35%
De musique, on peux aussi le lancer en compétition Disque
35%
On en voit un sur l'image Kayak
34%
Ville d'Arabie Saoudite connue pour la Kaaba Mecque
29%
Habitant du petit pays en dessous du Mexique (ce n'est pas le Belize) Guatémaltèque
27%
Autre nom de l'épaulard Orque
27%
Pierre de résurrection, Baguette de sureau, cape d'invisibilité dans Harry Potter Relique
27%
Emblème national algérien Fennec
26%
Bande ou bruit de la souris Clique / clic
23%
Préfecture du département 22 Saint Brieuc
23%
Ville des JO d'hiver de 1964 et 1976 en Autriche Innsbruck
21%
Ville du nord de ce même pays Thessalonique
17%
Un élément du tableau périodique Zinc / Arsenic
17%
Animal invertébré a corps mou Mollusque
16%
En sport mécanique, il s'agit de l'accès pour les fans Paddock
16%
Engin utilisé pour le Monster Jam Truck
16%
C'est l'animal Perry dans Phineas et Ferb Ornithorynque
13%
Winamax et Betclic permette d'en faire Pronostic
13%
Capitale du Groenland Nuuk
10%
Faux compte Arnaque
9%
Ville de l'Ardèche ou de la Gironde Chomérac / Jaujac / Pessac / Médoc / Mérignac
9%
Ancienne ère Epoque
9%
Mondotek a permis le concept d'éclore Tektonik
9%
Toutes maladies ou handicaps doit être reconnu grâce a lui Diagnostic
6%
Obligatoire à l'apéro Trinque
6%
Gentilé de Kenan Sofluoglu Turc
6%
Grosse envie, on se donne à fond Niaque
5%
Ville du Lot 46 Montcuq
2%
Les Gorges de Velky Sokol, le sont Paradisiaque / Paradis Slovaque
2%
Soit on le fait comme tout le monde, soit très différent Académique / Atypique
1%
Îles au sud de l'Alaska Kodiak
1%
Pour certaines personne le gingembre rend Hypocondriaque
0%
C'est le moment d'en prendre si tu veux finir le quiz a temps Risque
0%
Acarien se nourrissant du contenu des cellules de parenchyme Tétranyque
0%
Ville du Canada commençant par "la" Tuque
0%
Aucun quiz correspondant
Distribution des résultats
% des personnes avec chaque résultat
Percentile par nombre de réponses
Votre historique - résultats
Vous n’avez pas pris ce quiz